Theatre arts 2 student handbook : (Record no. 24622)

000 -LEADER
fixed length control field 01514pam a2200361 a 4500
001 - CONTROL NUMBER
control field 724898
003 - CONTROL NUMBER IDENTIFIER
control field OSt
005 - DATE AND TIME OF LATEST TRANSACTION
control field 20170130082640.0
008 - FIXED-LENGTH DATA ELEMENTS--GENERAL INFORMATION
fixed length control field 980122s1998 coua d 000 0 eng
010 ## - LIBRARY OF CONGRESS CONTROL NUMBER
LC control number 98010438
020 ## - INTERNATIONAL STANDARD BOOK NUMBER
International Standard Book Number 1566080401 (pbk.)
040 ## - CATALOGING SOURCE
Original cataloging agency DLC
Transcribing agency DLC
Modifying agency DLC
042 ## - AUTHENTICATION CODE
Authentication code lcac
050 00 - LIBRARY OF CONGRESS CALL NUMBER
Classification number REF PN3175
Item number .E55 1998
082 00 - DEWEY DECIMAL CLASSIFICATION NUMBER
Classification number 792
Edition number 21
100 1# - MAIN ENTRY--PERSONAL NAME
Personal name Engelsman, Alan,
Dates associated with a name 1932-
245 10 - TITLE STATEMENT
Title Theatre arts 2 student handbook :
Remainder of title on-stage and off-stage roles : fitting the pieces together /
Statement of responsibility, etc. Alan Engelsman and Penny Engelsman.
246 3# - VARYING FORM OF TITLE
Title proper/short title Theatre arts two student handbook
246 30 - VARYING FORM OF TITLE
Title proper/short title Theatre arts 2
246 3# - VARYING FORM OF TITLE
Title proper/short title Theatre arts two
250 ## - EDITION STATEMENT
Edition statement 2nd ed.
260 ## - PUBLICATION, DISTRIBUTION, ETC. (IMPRINT)
Place of publication, distribution, etc. Colorado Springs, Colo. :
Name of publisher, distributor, etc. Meriwether Pub.,
Date of publication, distribution, etc. c1998.
300 ## - PHYSICAL DESCRIPTION
Extent 228 p. :
Other physical details ill. ;
Dimensions 28 cm.
520 ## - SUMMARY, ETC.
Summary, etc. Presents units on many aspects of theater, including playwriting, monologues, puppetry, set design, theater business, makeup, acting, directing, and theater history.
650 #0 - SUBJECT ADDED ENTRY--TOPICAL TERM
Topical term or geographic name as entry element College and school drama.
650 #0 - SUBJECT ADDED ENTRY--TOPICAL TERM
Topical term or geographic name as entry element Amateur theater
General subdivision Production and direction.
650 #0 - SUBJECT ADDED ENTRY--TOPICAL TERM
Topical term or geographic name as entry element Young adult drama, American.
650 #1 - SUBJECT ADDED ENTRY--TOPICAL TERM
Topical term or geographic name as entry element Theater
General subdivision Production and direction.
700 1# - ADDED ENTRY--PERSONAL NAME
Personal name Engelsman, Penny,
Dates associated with a name 1943-
906 ## - LOCAL DATA ELEMENT F, LDF (RLIN)
a 7
b cbc
c orignew
d 1
e ocip
f 19
g y-gencatlg
942 ## - ADDED ENTRY ELEMENTS (KOHA)
Source of classification or shelving scheme
Koha item type Hard Covered Materials
Classification part REF PN 3175 .E55 1998
Holdings
Withdrawn status Lost status Source of classification or shelving scheme Damaged status Not for loan Home library Current library Shelving location Date acquired Source of acquisition Total Checkouts Full call number Barcode Date last seen Price effective from Koha item type
          MACHAKOS UNIVERSITY LIBRARY MACHAKOS UNIVERSITY LIBRARY Open shelf 30/01/2017 Donation(B.F.A)   REF PN 3175 .E55 1998 33052 30/01/2017 30/01/2017 Hard Covered Materials
© Machakos University Library, Along The Highway, Machakos Wote Rd, Machakos, Kenya P.O. Box 136 - 90100 Machakos - Kenya

Tel: ( +254 ) 723 805829 OR Fax : 044-20353 OR Email: library@mksu.ac.ke